| 000 | 01335nam a2200337Ia 4500 | ||
|---|---|---|---|
| 001 | ebr10080011 | ||
| 003 | CaPaEBR | ||
| 006 | m u | ||
| 007 | cr cn||||||||| | ||
| 008 | 050201s2005 ne sb 001 0 eng d | ||
| 010 | _z 2005040616 | ||
| 020 | _z9027226261 (Eur.) | ||
| 020 | _z1588116328 (hard. : alk. paper : US) | ||
| 040 |
_aCaPaEBR _cCaPaEBR |
||
| 035 | _a(OCoLC)70774140 | ||
| 050 | 1 | 4 |
_aP95.45 _b.K67 2005eb |
| 082 | 0 | 4 |
_a401/.41 _222 |
| 100 | 1 | _aKoshik, Irene. | |
| 245 | 1 | 0 |
_aBeyond rhetorical questions _h[electronic resource] : _bassertive questions in everyday interaction / _cIrene Koshik. |
| 260 |
_aAmsterdam ; _aPhiladelphia : _bJ. Benjamins Pub. Co., _c2005. |
||
| 300 | _ax, 182 p. | ||
| 490 | 1 |
_aStudies in discourse and grammar ; _v16 |
|
| 504 | _aIncludes bibliographical references and index. | ||
| 533 |
_aElectronic reproduction. _bPalo Alto, Calif. : _cebrary, _d2009. _nAvailable via World Wide Web. _nAccess may be limited to ebrary affiliated libraries. |
||
| 650 | 0 | _aConversation analysis. | |
| 650 | 0 | _aQuestioning. | |
| 655 | 7 |
_aElectronic books. _2local |
|
| 710 | 2 | _aebrary, Inc. | |
| 830 | 0 |
_aStudies in discourse and grammar ; _vv. 16. |
|
| 856 | 4 | 0 |
_uhttp://site.ebrary.com/lib/rucke/Doc?id=10080011 _zAn electronic book accessible through the World Wide Web; click to view |
| 999 |
_c74289 _d74289 |
||